| 000 | 00437nam a2200109Ia 4500 | ||
|---|---|---|---|
| 008 | 171204s9999 xx 000 0 und d | ||
| 245 | _aIntegrated Waste Management in India: Status and Future Prospects for Environmental Sustainability | ||
| 245 | _cMarimuthu Prashanthi and Rajakumar Sundaram | ||
| 260 | _c2016 | ||
| 650 | _xHygiene & Sanitation with Emphasis on Waste Management | ||
| 856 | _uhttp://down.ebook777.com/047/3319272268.pdf | ||
| 999 |
_c346700 _d346700 |
||